| 000 | 00473nam a2200181Ia 4500 | ||
|---|---|---|---|
| 001 | 7690 | ||
| 003 | GE_BSU | ||
| 008 | 181216s||||||||xx |||||||||||||| ||und|| | ||
| 040 | _cGE_BSU | ||
| 245 | _aАзия и Африка сегодня. №7(672). 2013. | ||
| 245 | _cгл. ред. А.М. Васильев и др. | ||
| 260 | _aМосква. | ||
| 260 | _bНаука | ||
| 260 | _c2013. | ||
| 300 | _a80ст;29cм. | ||
| 653 | _aАзия и африка | ||
| 942 | _cCR | ||
| 999 |
_c41041 _d41041 |
||